Réfs de Friends - F - Statistiques

Statistiques générales
  • Ce quiz a été pris 224 fois
  • Le résultat moyen est 8 sur 12
Statistiques - réponses
Par images Hint Réponse % Correct
Nom de la série Friends
94%
Pays dans lequel est mutée Rachel France
91%
Lien Frères et soeurs
89%
Prénom Frank Jr.
87%
Sport Football Américain
83%
Événement Fiançailles
79%
Qu'a fait Rachel à cause de la bouteille de Paolo ? Feu
61%
Gâteau d'anniversaire de Rachel Flan
53%
2ème prénom Francis
46%
De qui est-il fan ? Fonzie
44%
Nom Sarah {Ferguson}
25%
Pédiatre d'Emma Dr. {Fouineur}
14%
Aucun quiz correspondant
Distribution des résultats
% des personnes avec chaque résultat
Percentile par nombre de réponses
Votre historique - résultats
Vous n’avez pas pris ce quiz